000 00472nam a2200181Ia 4500
001 10698
005 20260306161851.0
008 260306t1980||||xx |||||||||||||| ||spa||
041 _aESP
082 _a946.081
_bR81
100 _aRomero, Luis
_eAUT
245 0 _aCara y cruz de la República 1931-1936:
_bfinalista premio Espejo de España 1980
260 _c1980
300 _a348 páginas :
_c25 cm.
650 _aGEN
654 _aCHU
942 _cLIB
_dJUS
_fJUS
_2ddc
_n
999 _c10698
_d10698